| 000 | 00521nam a2200205 a 4500 | ||
|---|---|---|---|
| 999 |
_c8100 _d8100 |
||
| 001 | 8100 | ||
| 003 | BD-JhCC | ||
| 005 | 20180218175804.0 | ||
| 008 | 180218s1982 uk |||| |||| 000 0 eng d | ||
| 035 | _a(BD-JhCC) | ||
| 040 |
_aBD-JhCC _dBD-JhCC |
||
| 041 | _aeng | ||
| 082 |
_a301.3608 _bPER 1982 |
||
| 100 | _aPerry, David C. | ||
| 245 |
_aThe Rise of the Sunbelt Cities / _cDavid C. Perry |
||
| 260 |
_aLondon: _bSage Publications; _c1982 |
||
| 300 |
_a309 p;, _c22 cm |
||
| 650 | _aCities and Towns | ||
| 942 |
_2ddc _cBK |
||